00704cam6a220022900 4500001001200000008004100012010001600053015000800069020001500077035001900092035002100111035002200132050002900154082001500183100005300198245005100251260004500302500005400347949005000401004000600451999001700457lce00173721760826s1975 onc 000 1 eng  a 76365195 aC75 a0887781187 a(Sirsi) r85382 a(DLC) 76365195 a(UPRA)lce001737210 aPZ4.D7564bWhaPG5069.D7 a891.8/6/351 aDrabek, Jan, 1935-dDrabek, Jan, 1935-6A44847.110aWhatever happened to Wenceslas? /cJan Drabek. aToronto :bP. Martin Associates,cc1975. aPublished also in Czech under title: A co Vaclav? aPZ4.D7564wlcci-118628mMAINtBOOKlON-SHELF85382 c95868d95868